The Oxford handbook of translation studies / (رقم التسجيلة. 39929)

تفاصيل مارك
000 -الفاتح
حقل البيانات ثابتة الطول 00978cam a2200289 a 4500
001 - رقم الضبط
رقم الضبط 648932733
003 - محدد رقم الضبط
رقم الضبط OSt
005 - وقت وتاريخ اخر تعامل مع التسجيلة
رقم الضبط 20161205092915.0
008 - عناصر البيانات ثابتة الطول - معلومات عامة
حقل البيانات ثابتة الطول 110526t20112011enka 001 0 eng
010 ## - رقم ضبط مكتبة الكونجرس
رقم ضبط مكتبة الكونجرس 2011378705
020 ## - الرقم الدولى المعيارى للكتب
الرقم الدولى المعيارى للكتاب 9780199239306
020 ## - الرقم الدولى المعيارى للكتب
الرقم الدولى المعيارى للكتاب 0199239304
040 ## - مصدر الفهرسة
وكالة الفهرسة الأصلية UKM
وكالة النسخ UKM
وكالة التعديل DLC
-- BTCTA
-- YDXCP
-- CDX
-- BWX
-- KSU
-- UtOrBLW
042 ## - رمز التحقق
رمز التحقق lccopycat
050 00 - رقم طلب مكتبة الكونجرس
رقم التصنيف P306
رقم المادة .O94 2011
082 04 - رقم تصنيف ديوى العشرى
رقم التصنيف 418.02
رقم الطبعة 22
رقم المادة OXH
245 04 - بيان العنوان
العنوان The Oxford handbook of translation studies /
بيان المسئوليه,etc edited by Kirsten Malmkjaer, Kevin Windle
246 30 - العنوان الموازى
عنوان صحيح/عنوان مختصر Handbook of translation studies
300 ## - الوصف المادى
التعداد xvii, 607 pages :
تفاصيل ماديه اخرى للوعاء illustrations ;
أبعاد الوعاء 26 cm
490 1# - بيان السلسلة
عنوان السلسلة Oxford handbooks in linguistics
504 ## - تبصرة ببليوجرافية
تبصرة ببليوجرافية,الخ Includes bibliographical references (pages [511]-581) and index
650 #0 - المدخل الاضافى بالموضوع-مصطلح موضوعى
مصطلح موضوعي أو اسم جغرافي كعنصر مدخل Translating and interpreting
9 (RLIN) 57062
700 1# - المدخل الاضافى - اسم شخصى
الإسم الشخصى Malmkj©Œr, Kirsten
9 (RLIN) 57063
700 1# - المدخل الاضافى - اسم شخصى
الإسم الشخصى Windle, Kevin,
التواريخ المصاحبة للاسم 1947-
9 (RLIN) 57064
830 #0 - المدخل الاضافى بالسلسلة -عنوان موحد
عنوان موحد Oxford handbooks in linguistics
9 (RLIN) 45360
942 ## - عناصر المدخل الإضافي( كوها)
مصدر التصنيف او مخطط الترفيف Dewey Decimal Classification
Koha [default] item type كتاب
المقتنيات
حالة الفقد نموذج السعر الفعال حالة تلف ليس للاعارة رقم الطلب تاريخ الاكتساب الموقع الحالي الباركود الفرع الرئيسي Total Renewals Date last checked out Date last seen نوع المادة فى نظام كوها مصدر التصنيف او خطة الترفيف Total Checkouts
  2016-12-16     418.02 OXH 2016-12-16 المكتبة المركزية بالمجمعة (CL) 00655324 المكتبة المركزية بالمجمعة (CL) 1 2023-09-03 2024-10-10 كتاب Dewey Decimal Classification 1
  2016-12-16     418.02 OXH 2016-12-16 المكتبة المركزية بالمجمعة (CL) 00655326 المكتبة المركزية بالمجمعة (CL)     2016-12-16 كتاب Dewey Decimal Classification  
  2016-12-21     418.02 OXH 2016-12-21 قسم الاجراءات الفنية (IC) 00655808 قسم الاجراءات الفنية (IC)     2016-12-21 كتاب Dewey Decimal Classification  
  2016-12-21     418.02 OXH 2016-12-21 قسم الاجراءات الفنية (IC) 00655809 قسم الاجراءات الفنية (IC)     2016-12-21 كتاب Dewey Decimal Classification  
  2016-12-21     418.02 OXH 2016-12-21 كلية الشريعة والقانون - طالبات 00655810 كلية الشريعة والقانون - طالبات     2016-12-21 كتاب Dewey Decimal Classification  
  2016-12-21     418.02 OXH 2016-12-21 كلية الشريعة والقانون - طالبات 00655811 كلية الشريعة والقانون - طالبات     2016-12-21 كتاب Dewey Decimal Classification  
  2016-12-16     418.02 OXH 2016-12-16 مكتبة كلية العلوم و الدراسات الإنسانية برماح - طلاب (SRM) 00655325 مكتبة كلية العلوم و الدراسات الإنسانية برماح - طلاب (SRM)     2016-12-16 كتاب Dewey Decimal Classification